000 00612nam a2200229Ia 4500
003 OSt
005 20221007074812.0
006 a|||||r|||| 00| 0
007 ta
008 221006b |||||||| |||| 00| 0 eng d
024 _a6,766
037 _cTextual
040 _aFLL
_cFLL
_beng
041 _2eng
_aeng
082 _aZ1, K4
100 _aKorowicz M.S.
_9693193
245 0 _aIntroduction to international law
260 _aNetherlands
_bThe Hague Martinus Nijhoff Netherlands
_c1964
300 _aix,424p
_ccm.
942 _hZ1, K4
_cTEXL
_2CC
999 _c1153731
_d1153731